00259 2200109 4500001002100000005001500021035002000036245003200056100001700088260003200105990001200137INLIS00000000000239620250528120344 a0010-05250006881 aSiti Madona /cMoammar Emka0 aMoammar Emka aTegal :bGagas Media,c2005 a0511358